000 02958nam a2200361 a 4500
001 ebr10671359
003 CaPaEBR
006 m u
007 cr cn|||||||||
008 090427s2009 nyua sb 001 0 eng d
010 _z 2009017390
020 _z9781607416449 (hardcover)
020 _z1607416441 (hardcover)
020 _z9781613245705 (e-book)
040 _aCaPaEBR
_cCaPaEBR
035 _a(OCoLC)744634341
050 1 4 _aBL625.4
_b.F35 2009eb
082 0 4 _a200.84/6
_222
245 0 0 _aFaith and well-being in later life
_h[electronic resource] :
_blinking theories with evidence in an interdisciplinary inquiry /
_cAmy L. Ai and Monika Ardelt, editors.
260 _aNew York :
_bNova Science Publishers, Inc.,
_cc2009.
300 _axvi, 199 p. :
_bill.
490 1 _aReligion and spirituality series
504 _aIncludes bibliographical references and index.
505 0 _aIntroduction : Scientific investigation of the multifaceted faith effects in aging : a theory-based interdisciplinary inquiry / Amy L. Ai and Monika Ardelt -- Effects of religiousness on positive and negative social behavior among nursing home residents / Kenneth J. Branco -- The buffering role of religiousness and spiritual seeking on sense of control among older adults in poor physical health : a gender influence / Paul Wink, Michele Dillon, and Adrienne Prettyman -- Dimensions of religion and spirituality in psychological adjustment in older adults living with congestive heart failure / C.L. Park, Mohamad Brooks, and Jessica Sussman -- The temporal nature of direct faith effect on global functioning and vitality in patients undergoing open-heart surgery / Amy L. Ai and Christopher Peterson -- Differential roles of religious orientation on subjective well-being and death attitudes in old age : mediation of spiritual activities and purpose in life / Monika Ardelt and Cynthia S. Koenig -- Counteracting pathways of prayer coping to the short-term postoperative adjustment in middle-aged and older cardiac patients / Amy L. Ai ...[et al.] -- Untangling the relationships between religiousness, social networks, and the variety and quality of social support among middle-aged and older adults with visual impairment / Mark Brennan and Eun-Kyoung Othelia Lee -- Faith and fitness : religious beliefs, congregational support, and exercise in a nationwide sample of Presbyterians / Christopher G. Ellison ...[et al.].
533 _aElectronic reproduction.
_bPalo Alto, Calif. :
_cebrary,
_d2013.
_nAvailable via World Wide Web.
_nAccess may be limited to ebrary affiliated libraries.
650 0 _aOlder people
_xReligious life.
655 7 _aElectronic books.
_2local
700 1 _aAi, Amy L.
700 1 _aArdelt, Monika.
710 2 _aebrary, Inc.
830 0 _aReligion and spirituality series.
856 4 0 _uhttp://site.ebrary.com/lib/rucke/Doc?id=10671359
_zAn electronic book accessible through the World Wide Web; click to view
999 _c62443
_d62443